Internet Girl - Lyrics! (Katseye) - Statistics

General Stats
  • This quiz has been taken 90 times
  • The average score is 271 of 323
Answer Stats
Lyrics % Correct
girl
100%
I
100%
i
100%
I’m
100%
In
100%
internet
100%
the
100%
you
100%
you,
100%
Eat
98%
eat
98%
(Eat
98%
Haven’t
98%
heard?
98%
zucchini,
98%
zucchini
98%
zucchini)
98%
her”
97%
Like
97%
me?
97%
me
97%
of
97%
out
95%
getting
94%
Do
92%
do
92%
emoji?
92%
here
92%
picture
92%
what
92%
my
90%
read
90%
a
89%
Every
89%
it
89%
It
89%
it,
89%
want
89%
“Oh
85%
Oh,
85%
it’s
84%
It’s
84%
What’s
84%
word?
84%
Go
82%
is
82%
god,
81%
so
81%
So,
81%
be
79%
that
79%
how
73%
made
71%
screen
71%
take
71%
just
69%
to
69%
your
69%
fault
68%
screenshot
68%
That’s
68%
turn
68%
always
66%
much,
66%
better
65%
not
65%
hot
63%
isn’t
63%
fear
60%
too
60%
all
58%
‘cause
58%
‘Cause
58%
feelings,
56%
feelings
56%
on
56%
Ten
56%
ten,
56%
keep
55%
momma
55%
need
55%
Yeah,
55%
Got
53%
got
53%
know
53%
yes,
53%
maybe
52%
never
50%
might
47%
breathin’
44%
Click
42%
click
42%
hate
40%
overrated
40%
And
29%
stop
26%
Jealousy’s
24%
Nobody
24%
ooh,
24%
day,
23%
for
21%
No matching quizzes found
Score Distribution
Percent of People with Each Score
Percentile by Number Answered
Your Score History
You have not taken this quiz